| 000 | 00640nam a2200169 a 4500 | ||
|---|---|---|---|
| 003 | 0 | ||
| 005 | 20250514091124.0 | ||
| 008 | 970101s19uu xx 00 eng d | ||
| 050 |
_aPHS BV 4400 _b.P78 2004 |
||
| 100 | _aPruna, Bryan Miguel. | ||
| 245 |
_aA Study of the life of the seminarians of the Rogationist Seminary Merville Park, Parañque, City / _cBryan Miguel Pruna. |
||
| 260 |
_aLas Piñas City, Philippines : _bSouthville International School and Colleges, _c2004. |
||
| 300 |
_a39 pages : _billustrations ; _c28 cm. |
||
| 650 |
_aClergy _xTraining and education. |
||
| 650 |
_aReligious life _xCatholic Church. |
||
| 942 |
_2lcc _cPASS |
||
| 999 |
_c97145 _d97145 |
||